Statistics for Pokemon Evolutions Test Gen 2

Click here to take the quiz!

General Stats

  • This quiz has been taken 17 times
  • The average score is 7 of 10

Answer Stats

Original Pokemon NameEvolved Pokemon Name% Correct
CleffaClefairy
100%
GolbatCrobat
100%
MareepFlaaffy
100%
TyrogueHitmonlee/Hitmonchan/Hitmontop
100%
HondourHoundoom
100%
IgglybuffJigglypuff
100%
SmoochumJynx
100%
SeadraKingdra
100%
SlugmaMagcargo
100%
RemoraidOctillery
100%
PichuPikachu
100%
SwinubPiloswine
100%
PorygonPorygon 2
100%
OnixSteelix
100%
SunkernSunflora
100%
TogepiTogetic
100%
PupitarTyranitar
100%
SnubullGranbull
50%
HoppipSkiploom
50%
FlaaffyAmpharos
0%
SpinarakAriados
0%
MarillAzumarill
0%
ChikoritaBayleef
0%
ChanseyBlissey
0%
TotodileCroconaw
0%
PhanpyDonphan
0%
ElekidElectabuzz
0%
CroconawFeraligatr
0%
PinecoForretress
0%
SentretFurret
0%
SkiploomJumpluff
0%
ChinchouLanturn
0%
LedybaLedian
0%
MagbyMagmar
0%
BayleefMeganium
0%
HoothootNoctowl
0%
LarvitarPupitar
0%
WooperQuagsire
0%
CyndaquilQuilava
0%
ScytherScizor
0%
QuilavaTyphlosion
0%
TeddiursaUrsaring
0%
NatuXatu
0%

Score Distribution

Percentile by Number Answered

Percent of People with Each Score

Your Score History

You have not taken this quiz